Basic radiology / (رقم التسجيلة. 77103)

تفاصيل مارك
000 -الفاتح
حقل البيانات ثابتة الطول 02118cam a2200397 a 4500
001 - رقم الضبط
رقم الضبط 592450910
003 - محدد رقم الضبط
رقم الضبط OCoLC
005 - وقت وتاريخ اخر تعامل مع التسجيلة
رقم الضبط 20190731120148.0
007 - الحقل الثابت للوصف المادى- معلومات عامة
حقل البيانات ثابتة الطول cr mnu
008 - عناصر البيانات ثابتة الطول - معلومات عامة
حقل البيانات ثابتة الطول 100325s2011 nyua b 001 0 eng
010 ## - رقم ضبط مكتبة الكونجرس
رقم ضبط مكتبة الكونجرس 2010011952
020 ## - الرقم الدولى المعيارى للكتب
الرقم الدولى المعيارى للكتاب 9780071627085 (alk. paper)
020 ## - الرقم الدولى المعيارى للكتب
الرقم الدولى المعيارى للكتاب 0071627081 (alk. paper)
035 ## - رقم ضبط النظام
رقم ضبط النظام (OCoLC)592450910
040 ## - مصدر الفهرسة
وكالة الفهرسة الأصلية DNLM/DLC
وكالة النسخ DLC
وكالة التعديل YDX
-- NLM
-- YDXCP
-- MXC
042 ## - رمز التحقق
رمز التحقق pcc
050 00 - رقم طلب مكتبة الكونجرس
رقم التصنيف RC78
رقم المادة .B34 2011
060 00 - رقم الطلب بالمكتبة الطبية الوطنية
رقم التصنيف 2010 J-997
060 10 - رقم الطلب بالمكتبة الطبية الوطنية
رقم التصنيف WN 180
رقم المادة B311 2011
082 00 - رقم تصنيف ديوى العشرى
رقم التصنيف 616.0754
رقم الطبعة 22
رقم المادة BAR
245 00 - بيان العنوان
العنوان Basic radiology /
بيان المسئوليه,etc editors, Michael Y. M. Chen, Thomas L. Pope, David J. Ott
250 ## - بيان الطبعة
بيان الطبعة 2nd ed
260 ## - PUBLICATION, DISTRIBUTION, ETC. (IMPRINT)
مكان الناشر او الموزع New York :
اسم الناشر او الموزع McGraw Hill Medical,
تاريخ النشر أو التوزيع c2011
300 ## - الوصف المادى
التعداد ix, 396 p. :
تفاصيل ماديه اخرى للوعاء ill. ;
أبعاد الوعاء 24 cm
504 ## - تبصرة ببليوجرافية
تبصرة ببليوجرافية,الخ Includes bibliographical references and index
505 0# - تبصرة محتويات-الفهرس
تبصرة المحتويات المصاغة Scope of diagnostic imaging / Michael Y. M. Chen, Christopher T. Whitlow -- The physical basis of diagnostic imaging / Robert L. Dixon, Christopher T. Whitlow -- Imaging of the heart and great vessels / James G. Ravenel -- Radiology of the chest / Caroline Chiles, Shannon M. Gulla -- Radiology of the breast / Rita I. Freimanis, Joseph S. Ayoub -- Musculoskeletal imaging / Tamara Miner Haygood, Mohamed M.H. Sayyouh -- Imaging of joints / Paul L. Wasserman, Thomas L. Pope -- Plain film of the abdomen / Michael Y. M. Chen -- Radiology of the urinary tract / Jud R. Gash, Jacob Noe -- Gastrointestinal tract / David J. Ott -- Liver, biliary tract, and pancreas / Melanie P. Caserta, Fakhra Chaudhry, Robert E. Bechtold -- Brain and its coverings / Michael E. Zapadka, Michelle S. Bradbury, Daniel W. Williams III -- Imaging of the spine / Nandita Guha-Thakurta, Lawrence E. Ginsberg
530 ## - تبصرة أشكال مادية أخرى متاحة
اشكال ماديه اخرى متاحة للعنصر Also available online
650 #0 - المدخل الاضافى بالموضوع-مصطلح موضوعى
مصطلح موضوعي أو اسم جغرافي كعنصر مدخل Radiography, Medical
9 (RLIN) 73947
650 #0 - المدخل الاضافى بالموضوع-مصطلح موضوعى
مصطلح موضوعي أو اسم جغرافي كعنصر مدخل Diagnostic imaging
9 (RLIN) 73948
650 12 - المدخل الاضافى بالموضوع-مصطلح موضوعى
مصطلح موضوعي أو اسم جغرافي كعنصر مدخل Diagnostic Imaging
التقسيم الفرعي العام methods
9 (RLIN) 73949
700 1# - المدخل الاضافى - اسم شخصى
الإسم الشخصى Chen, Michael Y. M
9 (RLIN) 73950
700 1# - المدخل الاضافى - اسم شخصى
الإسم الشخصى Pope, Thomas Lee,
العنوان والكلمات الأخرى المصاحبة للاسم Jr
9 (RLIN) 73951
700 1# - المدخل الاضافى - اسم شخصى
الإسم الشخصى Ott, David J.
الشكل الأكمل للاسم (David James),
التواريخ المصاحبة للاسم 1946-
9 (RLIN) 73952
730 1# - المدخل الاضافى- عنوان موحد
عنوان موحد AccessMedicine
الهيئة التي ينطبق عليها الحقل OCU
9 (RLIN) 73953
942 ## - عناصر المدخل الإضافي( كوها)
مصدر التصنيف او مخطط الترفيف Dewey Decimal Classification
Koha [default] item type كتاب
المقتنيات
حالة الفقد نموذج السعر الفعال حالة تلف ليس للاعارة رقم الطلب تاريخ الاكتساب الموقع الحالي الباركود الفرع الرئيسي Date last seen نوع المادة فى نظام كوها مصدر التصنيف او خطة الترفيف Total Checkouts
  2019-07-31     616.0754 BAR 2019-07-31 المكتبة المركزية بالمجمعة (CL) 00156813 المكتبة المركزية بالمجمعة (CL) 2019-07-31 كتاب Dewey Decimal Classification  
  2019-07-31     616.0754 BAR 2019-07-31 المكتبة المركزية بالمجمعة (CL) 00156814 المكتبة المركزية بالمجمعة (CL) 2019-07-31 كتاب Dewey Decimal Classification  
  2019-07-31     616.0754 BAR 2019-07-31 المكتبة المركزية بالمجمعة (CL) 00156815 المكتبة المركزية بالمجمعة (CL) 2019-07-31 كتاب Dewey Decimal Classification  
  2019-07-31     616.0754 BAR 2019-07-31 مكتبة مجمع الكليات بالزلفى - طلاب (SZM) 00156816 مكتبة مجمع الكليات بالزلفى - طلاب (SZM) 2019-07-31 كتاب Dewey Decimal Classification  
  2019-07-31     616.0754 BAR 2019-07-31 مكتبة مجمع الكليات بالزلفى - طلاب (SZM) 00156817 مكتبة مجمع الكليات بالزلفى - طلاب (SZM) 2019-07-31 كتاب Dewey Decimal Classification